| 000 | 00686nam a2200217Ia 4500 | ||
|---|---|---|---|
| 003 | GCL | ||
| 008 | 140319s9999 xx 000 0 ara d | ||
| 040 |
_aGCL / _cGCL |
||
| 082 | 0 | 4 |
_a320.9 _bم م |
| 245 | 1 | 0 | _aملف صراع الحضارات |
| 260 |
_aالقاهرة : _bمركز الاهرام للتنظيم وتكنولوجيا المعلومات ، _c2003 |
||
| 300 |
_a218 ص ؛ _c40 سم |
||
| 650 | 0 | 4 | _aالاسلام والحضارة |
| 650 | 0 | 4 | _aالاحوال السياسية |
| 650 | 0 | 4 | _aالحضارة |
| 650 | 0 | 4 | _aالارهاب |
| 650 | 0 | 4 | _aالثقافة |
| 650 | 0 | 4 | _aاحداث 11 سبتمبر |
| 650 | 0 | 4 | _aصراع الحضارات |
| 942 |
_2ddc _cBK |
||
| 999 |
_c5735 _d5735 |
||